[Event "FRA-chT2 0910"]
[Site "France"]
[Date "2010.01.24"]
[Round "7.8"]
[White "Petit Prel, Laurent"]
[Black "Durczak, Melanie"]
[Result "1-0"]
[WhiteElo "1890"]
[BlackElo "1680"]
[PlyCount "121"]
[EventDate "2009.09.27"]
[EventType "team"]
[EventRounds "11"]
[EventCountry "FRA"]
[SourceDate "2009.07.26"]

1. e4 d5 2. d3 dxe4 3. Nc3 Nf6 4. Bg5 Bg4 5. Qd2 Nc6 6. Bxf6 exf6 7. Qf4 Be6 8.
O-O-O Bd6 9. Qxe4 O-O 10. d4 Bd7 11. Nf3 Re8 12. Qh4 f5 13. Qxd8 Raxd8 14. Bc4
Na5 15. Bd3 Bf4+ 16. Kb1 Nc6 17. Nd5 Bd6 18. Ne3 f4 19. Nc4 Bf8 20. Nce5 Nxe5
21. Nxe5 Be6 22. Be4 c6 23. c3 Bd6 24. g3 f6 25. Nd3 fxg3 26. hxg3 g6 27. Rde1
Bf7 28. Bf3 Rxe1+ 29. Nxe1 Re8 30. Nc2 Bc4 31. Ne3 Bf7 32. Ng4 Kg7 33. b3 h5
34. Nh2 Be6 35. Kc2 Bf5+ 36. Kd2 Bc7 37. Nf1 Bd7 38. Ne3 Kf7 39. g4 Bf4 40.
gxh5 g5 41. Kd3 Rh8 42. Be4 Bd6 43. Bg6+ Kg7 44. Bf5 Be8 45. Bg4 Bc7 46. Nf5+
Kf8 47. c4 Bg6 48. d5 cxd5 49. cxd5 Bxf5+ 50. Bxf5 Ke7 51. h6 Bb8 52. Ke4 Bc7
53. Be6 Bd6 54. Kf5 Bc5 55. f3 Bd4 56. Kg6 Kf8 57. Rc1 Ke7 58. Rc7+ Kd6 59.
Rxb7 Be3 60. h7 Bd4 61. b4 1-0

[Event "FRA-chT2 0910"]
[Site "France"]
[Date "2010.01.24"]
[Round "7.1"]
[White "Rausis, Igor"]
[Black "Soyez, Cyril"]
[Result "1/2-1/2"]
[WhiteElo "2505"]
[BlackElo "2244"]
[PlyCount "104"]
[EventDate "2009.09.27"]
[EventType "team"]
[EventRounds "11"]
[EventCountry "FRA"]
[SourceDate "2009.07.26"]
[WhiteTeam "Orcher La Tour"]

1. Nf3 c5 2. g3 g6 3. Bg2 Bg7 4. d4 cxd4 5. Nxd4 Nc6 6. Nxc6 bxc6 7. c4 Qa5+ 8.
Nd2 Rb8 9. O-O Bxb2 10. Rb1 Be5 11. Rxb8 Bxb8 12. Qb3 Be5 13. Nf3 Bg7 14. Ba3
Nh6 15. e4 c5 16. h3 O-O 17. Rb1 d6 18. Bc1 Kh8 19. Bd2 Qa6 20. Bf1 f5 21. e5
Nf7 22. exd6 Nxd6 23. Bc3 Bb7 24. Bg2 Bxf3 25. Bxg7+ Kxg7 26. Qxf3 Qxa2 27.
Qc3+ Rf6 28. Rb7 Qxc4 29. Qxc4 Nxc4 30. Rxa7 Re6 31. Bd5 Re1+ 32. Kg2 Nb6 33.
Ba2 c4 34. Rc7 Kf8 35. Rc6 Ra1 36. Bxc4 Nxc4 37. Rxc4 Ra2 38. h4 Kf7 39. Rc6
Rb2 40. Ra6 Rc2 41. Rb6 Kg7 42. Re6 Kf7 43. Rb6 Re2 44. Kf1 Re4 45. Kg2 Kg7 46.
Ra6 Re1 47. Rb6 e5 48. Rb7+ Kh6 49. f3 Re2+ 50. Kf1 Ra2 51. Re7 Ra3 52. Kf2
Ra2+ 1/2-1/2

[Event "FRA-chT2 0910"]
[Site "France"]
[Date "2010.01.24"]
[Round "7.2"]
[White "Maitesian, Sergei"]
[Black "Vallin, Guillaume"]
[Result "0-1"]
[WhiteElo "2280"]
[BlackElo "2420"]
[PlyCount "79"]
[EventDate "2009.09.27"]
[EventType "team"]
[EventRounds "11"]
[EventCountry "FRA"]
[SourceDate "2009.07.26"]

1. e4 e6 2. d3 d5 3. Nd2 Nf6 4. Ngf3 c5 5. g3 Nc6 6. Bg2 Be7 7. O-O b6 8. Re1
Bb7 9. e5 Nd7 10. h4 Qc7 11. Qe2 O-O-O 12. c3 h6 13. Nf1 Rdg8 14. N1h2 g5 15.
hxg5 hxg5 16. Ng4 Rh5 17. Bd2 Rgh8 18. b4 Qd8 19. b5 Na5 20. Kf1 c4 21. d4 Qg8
22. Qe3 Qg6 23. Ng1 Rg8 24. Bf3 Rhh8 25. Bd1 Kc7 26. Rc1 Qd3+ 27. Be2 Qh7 28.
Qf3 a6 29. bxa6 Bc6 30. Bd1 Qd3+ 31. Qxd3 cxd3 32. Ne3 Nc4 33. Nf3 g4 34. Nxc4
gxf3 35. Bxf3 dxc4 36. Bxc6 Kxc6 37. Kg2 Ra8 38. f4 Rxa6 39. Red1 Rxa2 40. g4
0-1

[Event "FRA-chT2 0910"]
[Site "France"]
[Date "2010.01.24"]
[Round "7.3"]
[White "Lefebvre, Herve"]
[Black "Therkildsen, Thomas"]
[Result "0-1"]
[WhiteElo "2267"]
[BlackElo "2278"]
[PlyCount "69"]
[EventDate "2009.09.27"]
[EventType "team"]
[EventRounds "11"]
[EventCountry "FRA"]
[SourceDate "2009.07.26"]

1. e4 Nf6 2. e5 Nd5 3. c4 Nb6 4. d4 d6 5. exd6 exd6 6. Nc3 Be7 7. Be3 O-O 8.
Qf3 Nc6 9. O-O-O Be6 10. c5 Nc4 11. Bf4 Qc8 12. d5 N6e5 13. Qe2 Bf5 14. h3 Re8
15. g4 Nd3+ 16. Rxd3 Bg5 17. Bxg5 Rxe2 18. Bxe2 Bxd3 19. Bxd3 Ne5 20. Be2 dxc5
21. Nf3 Ng6 22. Bd3 Qf8 23. Rd1 a6 24. h4 h6 25. Be3 Qe7 26. h5 Ne5 27. Nxe5
Qxe5 28. Bf5 b6 29. Ne4 Rd8 30. f4 Qe8 31. g5 hxg5 32. h6 Qa4 33. Nc3 Qe8 34.
Ne4 gxf4 35. Rf1 0-1

[Event "FRA-chT2 0910"]
[Site "France"]
[Date "2010.01.24"]
[Round "7.4"]
[White "Kieffer, Christian"]
[Black "Payen, Arnaud"]
[Result "0-1"]
[WhiteElo "2137"]
[BlackElo "2352"]
[PlyCount "118"]
[EventDate "2009.09.27"]
[EventType "team"]
[EventRounds "11"]
[EventCountry "FRA"]
[SourceDate "2009.07.26"]

1. e4 d6 2. d4 Nf6 3. Nc3 Nbd7 4. Nge2 e5 5. g3 c6 6. Bg2 b5 7. d5 Bb7 8. Bg5
Be7 9. Bxf6 Nxf6 10. a4 b4 11. dxc6 Bxc6 12. Nd5 Nxd5 13. exd5 Bd7 14. c4 Qc7
15. b3 O-O 16. O-O f5 17. f4 Bf6 18. Ra2 Rae8 19. Kh1 Qc5 20. fxe5 dxe5 21. d6
e4 22. Rd2 Re5 23. Nf4 Bc6 24. d7 Rd8 25. Rd6 Be7 26. Ne6 Qxd6 27. Qxd6 Bxd6
28. Nxd8 Bxd7 29. Rd1 e3 30. Bf3 e2 31. Bxe2 Rxe2 32. Rxd6 Bxa4 33. c5 Bxb3 34.
Nc6 Rc2 35. Nxb4 Rxc5 36. Rd8+ Kf7 37. Rd7+ Kf6 38. Rxa7 Rb5 39. Nd3 Bd5+ 40.
Kg1 Be4 41. Rd7 Rb3 42. Ne1 Rb1 43. Kf2 Rb2+ 44. Kg1 Re2 45. Rd1 Kg5 46. h3 Kf6
47. Kf1 Rh2 48. h4 f4 49. gxf4 Rxh4 50. Kf2 Rxf4+ 51. Ke3 g5 52. Rd8 Rh4 53.
Rf8+ Kg7 54. Re8 Bc6 55. Rc8 Re4+ 56. Kf2 Re6 57. Nd3 h5 58. Rc7+ Kh6 59. Nb4
Be4 0-1

[Event "FRA-chT2 0910"]
[Site "France"]
[Date "2010.01.24"]
[Round "7.5"]
[White "Mandon, Fabrice"]
[Black "L'Huillier, Helene"]
[Result "1-0"]
[WhiteElo "2233"]
[BlackElo "1939"]
[PlyCount "85"]
[EventDate "2009.09.27"]
[EventType "team"]
[EventRounds "11"]
[EventCountry "FRA"]
[SourceDate "2009.07.26"]

1. e4 e5 2. Nf3 Nc6 3. d4 exd4 4. Nxd4 Bc5 5. Be3 Qf6 6. c3 Nge7 7. Bc4 Ne5 8.
Be2 O-O 9. f4 N5g6 10. O-O d5 11. Nd2 Nc6 12. e5 Qe7 13. Kh1 Nh4 14. N2b3 Bxd4
15. Bxd4 Nxd4 16. cxd4 Bf5 17. Bd3 Bxd3 18. Qxd3 Qd7 19. Qg3 Nf5 20. Qh3 b6 21.
g4 Ne7 22. f5 f6 23. exf6 Rxf6 24. Rae1 Re8 25. Nd2 c5 26. Nf3 Rh6 27. Qg3 Nc6
28. g5 Rxe1 29. Rxe1 Rd6 30. f6 Re6 31. Rf1 Qd6 32. f7+ Kxf7 33. g6+ Kg8 34.
gxh7+ Kxh7 35. Ng5+ Kg8 36. Qh3 Rh6 37. Qg2 Rf6 38. Re1 Qd7 39. Qg3 Nxd4 40.
Qd3 Qf5 41. Qg3 Qf4 42. Re8+ Rf8 43. Qxf4 1-0

[Event "FRA-chT2 0910"]
[Site "France"]
[Date "2010.01.24"]
[Round "7.6"]
[White "Tchigrachon, David"]
[Black "Jeanne, Mickael"]
[Result "0-1"]
[WhiteElo "1774"]
[BlackElo "2160"]
[PlyCount "74"]
[EventDate "2009.09.27"]
[EventType "team"]
[EventRounds "11"]
[EventCountry "FRA"]
[SourceDate "2009.07.26"]

1. e4 e6 2. Nf3 d5 3. Qe2 dxe4 4. Qxe4 Nf6 5. Qa4+ Nbd7 6. Ne5 Bd6 7. d4 O-O 8.
Nxd7 Bxd7 9. Qb3 e5 10. d5 c6 11. dxc6 Bxc6 12. Bg5 Bc5 13. Nd2 Bxf2+ 14. Kxf2
Ng4+ 15. Ke1 Qxg5 16. Qg3 Rad8 17. Rd1 Qe3+ 18. Qxe3 Nxe3 19. Rc1 Nxg2+ 20.
Bxg2 Bxg2 21. Rg1 Bd5 22. c4 Bc6 23. b4 a6 24. h4 Rd4 25. h5 Rfd8 26. Rc2 Rh4
27. Rc3 Rxh5 28. Rb3 Rh2 29. Rb2 Bf3 30. Nxf3 Rxb2 31. b5 axb5 32. cxb5 Rd3 33.
Nh4 Re3+ 34. Kf1 Rc3 35. Ng2 Rxa2 36. Rh1 Rc1+ 37. Ne1 Rxe1+ 0-1

[Event "FRA-chT2 0910"]
[Site "France"]
[Date "2010.01.24"]
[Round "7.7"]
[White "Vaugeois, Cyrille"]
[Black "Holvigue, Andre"]
[Result "1-0"]
[WhiteElo "2166"]
[BlackElo "1630"]
[PlyCount "35"]
[EventDate "2009.09.27"]
[EventType "team"]
[EventRounds "11"]
[EventCountry "FRA"]
[SourceDate "2009.07.26"]

1. e4 d6 2. d4 Nf6 3. Nc3 g6 4. f3 Bg7 5. Be3 c6 6. Qd2 Qa5 7. Nge2 O-O 8. Nc1
a6 9. Nb3 Qc7 10. Bh6 b5 11. h4 Nh5 12. Ne2 e5 13. g4 Nf6 14. h5 exd4 15. Bxg7
Kxg7 16. Qxd4 c5 17. h6+ Kg8 18. Qxf6 1-0

[Event "FRA-chT2 0910"]
[Site "France"]
[Date "2010.01.24"]
[Round "7.8"]
[White "Siauve, Julien"]
[Black "Le Berre, Tennessee"]
[Result "1-0"]
[WhiteElo "1714"]
[BlackElo "1810"]
[PlyCount "74"]
[EventDate "2009.09.27"]
[EventType "team"]
[EventRounds "11"]
[EventCountry "FRA"]
[SourceDate "2009.07.26"]

1. e4 c5 2. Nc3 Nc6 3. g3 e6 4. Bg2 d6 5. Nge2 Nf6 6. O-O Be7 7. d3 O-O 8. f4
a6 9. h3 Qc7 10. g4 b5 11. Ng3 Bb7 12. g5 Nd7 13. f5 d5 14. exd5 Nd4 15. Bf4
Bd6 16. Bxd6 Qxd6 17. Nce4 Qb6 18. c3 exd5 19. Nd2 Qd6 20. Kh2 Nc6 21. d4 cxd4
22. Nb3 dxc3 23. Bxd5 Qe5 24. bxc3 Nb6 25. Bg2 Rad8 26. Qc2 Ba8 27. Rae1 Qc7
28. Re2 Rfe8 29. Rfe1 Rxe2 30. Qxe2 Kf8 31. Qh5 Re8 32. Rxe8+ Kxe8 33. Qxh7 Qe5
34. Nd4 Kd7 35. Qg8 Qd6 36. Qxf7+ Qe7 37. Bxc6+ Bxc6 1-0

[Event "FRA-chT2 0910"]
[Site "France"]
[Date "2010.01.24"]
[Round "7.1"]
[White "Boulard, Eric"]
[Black "Goldsztejn, Gildas"]
[Result "0-1"]
[WhiteElo "2243"]
[BlackElo "2419"]
[PlyCount "68"]
[EventDate "2009.09.27"]
[EventType "team"]
[EventRounds "11"]
[EventCountry "FRA"]
[SourceDate "2009.07.26"]

1. e4 e5 2. f4 exf4 3. Nf3 g5 4. h4 g4 5. Ne5 d6 6. Nxg4 Be7 7. d4 Bxh4+ 8. Nf2
Qg5 9. Qf3 Nc6 10. Qxf4 Qxf4 11. Bxf4 Bxf2+ 12. Kxf2 Nxd4 13. Nc3 Ne6 14. Bg3
Nf6 15. Be2 Nc5 16. Bf3 Ng4+ 17. Ke2 Be6 18. Rh4 Rg8 19. Bf4 O-O-O 20. Rxh7
Bc4+ 21. Kd2 Ne5 22. Nd5 Nxf3+ 23. gxf3 Rg2+ 24. Kc3 Bxd5 25. exd5 Rf2 26. Rxf7
Rxf3+ 27. Kd2 Rf2+ 28. Kc3 Na4+ 29. Kb3 Nb6 30. Rd1 Re8 31. a3 a5 32. a4 Nd7
33. Rd2 Rf3+ 34. Ka2 Re4 0-1

[Event "FRA-chT2 0910"]
[Site "France"]
[Date "2010.01.24"]
[Round "7.2"]
[White "Regoli, Stephane"]
[Black "Mandarin, Vitomir"]
[Result "1-0"]
[WhiteElo "2265"]
[BlackElo "2168"]
[PlyCount "67"]
[EventDate "2009.09.27"]
[EventType "team"]
[EventRounds "11"]
[EventCountry "FRA"]
[SourceDate "2009.07.26"]

1. e4 c5 2. Nf3 d6 3. Bb5+ Bd7 4. Bxd7+ Qxd7 5. O-O Nc6 6. c3 Nf6 7. Re1 e5 8.
d4 cxd4 9. cxd4 Be7 10. d5 Nb8 11. Nc3 O-O 12. h3 Rc8 13. Be3 Na6 14. Nd2 Nc5
15. Qe2 Bd8 16. a3 a6 17. Rac1 Na4 18. Nxa4 Qxa4 19. Nc4 Qd7 20. Bg5 Ne8 21.
Bxd8 Qxd8 22. a4 Rc7 23. a5 Rac8 24. Rc3 Rc5 25. Rec1 Qg5 26. b4 R5c7 27. Qd3
h6 28. Ne3 Qd8 29. Nc4 Qh4 30. Qe3 f5 31. Nd2 fxe4 32. Rxc7 Rxc7 33. Rxc7 Nxc7
34. Qb6 1-0

[Event "FRA-chT2 0910"]
[Site "France"]
[Date "2010.01.24"]
[Round "7.3"]
[White "Gollain, Marc"]
[Black "Iordanov, Nikolay"]
[Result "0-1"]
[WhiteElo "2195"]
[BlackElo "2216"]
[PlyCount "142"]
[EventDate "2009.09.27"]
[EventType "team"]
[EventRounds "11"]
[EventCountry "FRA"]
[SourceDate "2009.07.26"]

1. Nf3 Nf6 2. c4 e6 3. Nc3 d5 4. d4 b6 5. Bg5 Be7 6. e3 Bb7 7. Rc1 O-O 8. Bxf6
Bxf6 9. cxd5 exd5 10. Be2 a6 11. Qb3 Qd6 12. O-O Nd7 13. Rfd1 Rfe8 14. Ne1 Bd8
15. Bf3 Nf6 16. Nd3 c6 17. Ne5 c5 18. Nxf7 Kxf7 19. dxc5 Qe6 20. Nxd5 Bxd5 21.
Rxd5 Kf8 22. Rd3 Qxb3 23. axb3 Rb8 24. c6 Bc7 25. b4 Red8 26. Ra3 a5 27. b5 Nd5
28. Rd3 Nf6 29. Rd4 Rxd4 30. exd4 Ke7 31. Kf1 Kd6 32. Ke2 Re8+ 33. Kd3 Nd5 34.
g3 Nb4+ 35. Kd2 Rf8 36. Rc3 Bd8 37. h4 Bf6 38. c7 Rc8 39. Ke3 Rxc7 40. Rxc7
Kxc7 41. Be4 h6 42. f4 Kd6 43. h5 Nd5+ 44. Kd3 Nc7 45. Kc4 Ne6 46. b3 Nxd4 47.
Bd3 Nf3 48. Bc2 Nd4 49. Bd3 Ke6 50. g4 Nf3 51. Bc2 Kd6 52. Bd1 Nd2+ 53. Kd3 Nb1
54. Bf3 Kc5 55. Bc6 Na3 56. Ke4 Nxb5 57. Bd7 Nd6+ 58. Kd3 b5 59. Be6 Kb4 60.
Kc2 Nb7 61. Bg8 Nd8 62. Bd5 Kc5 63. Bg8 Nc6 64. Kd3 Kb4 65. Bf7 Bc3 66. Be8 Nd4
67. g5 hxg5 68. fxg5 Nxb3 69. Bxb5 Nc5+ 70. Kc2 Kxb5 71. Kxc3 Ne4+ 0-1

[Event "FRA-chT2 0910"]
[Site "France"]
[Date "2010.01.24"]
[Round "7.4"]
[White "Mehaibia, Azzedine"]
[Black "Brionne, Thierry"]
[Result "1-0"]
[WhiteElo "2173"]
[BlackElo "2147"]
[PlyCount "66"]
[EventDate "2009.09.27"]
[EventType "team"]
[EventRounds "11"]
[EventCountry "FRA"]
[SourceDate "2009.07.26"]

1. e4 g6 2. d4 Bg7 3. Nc3 d6 4. Nf3 c6 5. a4 Bg4 6. Be2 Nd7 7. O-O e5 8. dxe5
dxe5 9. b3 Nc5 10. Ba3 Ne6 11. Nb5 Qxd1 12. Rfxd1 Bf8 13. Bxf8 Kxf8 14. Nd6 b6
15. Rd2 f6 16. Bc4 Ke7 17. Rad1 Bxf3 18. gxf3 Nh6 19. Bxe6 Kxe6 20. Nb7 Nf7 21.
a5 Rhe8 22. a6 Re7 23. c4 c5 24. Kf1 Rc8 25. Rd5 Rcc7 26. Rd8 Rcd7 27. R1xd7
Rxd7 28. Ra8 Nd6 29. Rxa7 Nc8 30. Ra8 Rc7 31. Rb8 Kd7 32. Ke2 Kc6 33. Kd3 Na7
1-0

[Event "FRA-chT2 0910"]
[Site "France"]
[Date "2010.01.24"]
[Round "7.5"]
[White "Chaumont, Philippe"]
[Black "Giroux, Fabrice"]
[Result "1/2-1/2"]
[WhiteElo "2048"]
[BlackElo "2167"]
[PlyCount "65"]
[EventDate "2009.09.27"]
[EventType "team"]
[EventRounds "11"]
[EventCountry "FRA"]
[SourceDate "2009.07.26"]

1. d4 Nc6 2. Nf3 d5 3. Bf4 Bg4 4. e3 e6 5. Nbd2 Nf6 6. c3 a6 7. Qa4 b5 8. Qc2
Bd6 9. Bd3 Bxf4 10. exf4 Ne7 11. a4 c6 12. Ne5 Bf5 13. Bxf5 exf5 14. O-O O-O
15. Nb3 Ne4 16. axb5 axb5 17. Rxa8 Qxa8 18. Ra1 Qb7 19. f3 Nd6 20. Nc5 Qc7 21.
b3 f6 22. Ned3 Re8 23. Ra6 Nec8 24. Qd2 Nb7 25. Nb4 Nxc5 26. dxc5 Na7 27. Kf2
Kf7 28. Ra1 Qe7 29. Nd3 Nc8 30. Ra6 Qb7 31. Nb4 Re6 32. Ra1 Qe7 33. Nd3 1/2-1/2

[Event "FRA-chT2 0910"]
[Site "France"]
[Date "2010.01.24"]
[Round "7.6"]
[White "Bousmaha, Abderahmane"]
[Black "Marin, Frederic Vincent"]
[Result "1-0"]
[WhiteElo "2073"]
[BlackElo "2056"]
[PlyCount "75"]
[EventDate "2009.09.27"]
[EventType "team"]
[EventRounds "11"]
[EventCountry "FRA"]
[SourceDate "2009.07.26"]

1. e4 c5 2. Nf3 g6 3. c4 Nc6 4. d4 cxd4 5. Nxd4 Bg7 6. Be3 Nf6 7. Nc3 d6 8. Be2
O-O 9. O-O Bd7 10. Rc1 Nxd4 11. Bxd4 Bc6 12. f3 Nd7 13. b4 Bxd4+ 14. Qxd4 b6
15. g4 Bb7 16. Rf2 a5 17. b5 Nc5 18. f4 Rc8 19. Rf3 e5 20. fxe5 Qg5 21. Rcf1
dxe5 22. Qe3 Qxg4+ 23. Rg3 Qd7 24. Bg4 Ne6 25. Nd5 Kh8 26. Qh6 Bxd5 27. cxd5 f5
28. exf5 Nf4 29. fxg6 Qg7 30. Qxg7+ Kxg7 31. Bxc8 Ne2+ 32. Kg2 Rxc8 33. Rf7+
Kg8 34. Rxh7 Nxg3 35. Kxg3 Rc5 36. d6 Rxb5 37. d7 Rd5 38. Re7 1-0

[Event "FRA-chT2 0910"]
[Site "France"]
[Date "2010.01.24"]
[Round "7.7"]
[White "San Marco, Jean"]
[Black "Gatine, Aurelia"]
[Result "1-0"]
[WhiteElo "1999"]
[BlackElo "2004"]
[PlyCount "75"]
[EventDate "2009.09.27"]
[EventType "team"]
[EventRounds "11"]
[EventCountry "FRA"]
[SourceDate "2009.07.26"]

1. d4 Nf6 2. Nf3 g6 3. Bf4 Bg7 4. e3 d6 5. h3 O-O 6. Nbd2 Nbd7 7. Be2 c5 8. c3
b6 9. O-O Bb7 10. a4 cxd4 11. exd4 Nd5 12. Bg3 e5 13. Re1 Re8 14. dxe5 dxe5 15.
Bb5 a6 16. Bxd7 Qxd7 17. Bxe5 Bxe5 18. Nxe5 Qf5 19. Ndf3 Rad8 20. Nd4 Qf6 21.
Ng4 Qf4 22. Rxe8+ Rxe8 23. c4 Nb4 24. g3 Qg5 25. h4 Qe7 26. Qd2 h5 27. Nh6+ Kh7
28. Qf4 f6 29. Nhf5 gxf5 30. Nxf5 Qd7 31. Qh6+ Kg8 32. Qg6+ Kh8 33. Qxf6+ Kg8
34. Qg6+ Kh8 35. Qf6+ Kg8 36. Nh6+ Kh7 37. Nf7 Qd3 38. Ng5+ 1-0

[Event "FRA-chT2 0910"]
[Site "France"]
[Date "2010.01.24"]
[Round "7.8"]
[White "Maillot, Fabien"]
[Black "Mousset Evtouchenko, Nina"]
[Result "1-0"]
[WhiteElo "2058"]
[BlackElo "1740"]
[PlyCount "73"]
[EventDate "2009.09.27"]
[EventType "team"]
[EventRounds "11"]
[EventCountry "FRA"]
[SourceDate "2009.07.26"]

1. Nf3 d5 2. d4 Nf6 3. c4 c6 4. e3 Bf5 5. Nc3 e6 6. Nh4 dxc4 7. Nxf5 exf5 8.
Bxc4 b5 9. Be2 b4 10. Na4 Qa5 11. O-O Bd6 12. a3 Qc7 13. h3 Ne4 14. Bd2 a5 15.
Nc5 Nxd2 16. Qxd2 bxa3 17. Rxa3 O-O 18. Rfa1 Rd8 19. Rxa5 Rxa5 20. Qxa5 Qe7 21.
Nb7 Bc7 22. Qxf5 g6 23. Qc5 Bh2+ 24. Kxh2 Qxb7 25. Qc3 Nd7 26. Bf3 Rc8 27. Rc1
Qb8+ 28. g3 c5 29. Bg4 f5 30. Be2 h5 31. Bc4+ Kh7 32. Be6 Qb7 33. Bxd7 Qxd7 34.
dxc5 Qd5 35. Qd4 Qb7 36. b4 Qc7 37. Rd1 1-0

[Event "FRA-chT2 0910"]
[Site "France"]
[Date "2010.01.24"]
[Round "7.1"]
[White "Polard, Gaetan"]
[Black "Petitcunot, Pierre"]
[Result "1/2-1/2"]
[WhiteElo "2229"]
[BlackElo "2402"]
[PlyCount "89"]
[EventDate "2009.09.27"]
[EventType "team"]
[EventRounds "11"]
[EventCountry "FRA"]
[SourceDate "2009.07.26"]

1. e4 g6 2. d4 c6 3. Nc3 d5 4. h3 Bg7 5. Nf3 Nf6 6. e5 Ne4 7. Nxe4 dxe4 8. Ng5
c5 9. d5 Bxe5 10. Nxe4 Bf5 11. c3 Nd7 12. Ng3 Qc7 13. Nxf5 gxf5 14. Bd3 f4 15.
Qa4 a6 16. Qc2 Nf6 17. c4 Bd4 18. Qe2 O-O-O 19. O-O Rhg8 20. Bf5+ Kb8 21. Qf3
Be5 22. Re1 Ka8 23. Rb1 Rg5 24. Bd3 Rdg8 25. Bf1 Nd7 26. Re4 Qd6 27. Bd2 Qg6
28. Rbe1 Bd6 29. Bc3 f6 30. a3 Qf7 31. b4 Nf8 32. bxc5 Ng6 33. cxd6 Nh4 34. Qd3
Nxg2 35. Kh2 Nxe1 36. Bxe1 Qg6 37. Qf3 Rg1 38. Rxf4 Rxf1 39. Rg4 Qe8 40. Qe2
Rxe1 41. Qxe1 exd6 42. Rxg8 Qxg8 43. Qe7 Qc8 44. Qxf6 Qxc4 45. Qf3 1/2-1/2

[Event "FRA-chT2 0910"]
[Site "France"]
[Date "2010.01.24"]
[Round "7.2"]
[White "Wallart, Adrien"]
[Black "Godart, Francois"]
[Result "1/2-1/2"]
[WhiteElo "2186"]
[BlackElo "2177"]
[PlyCount "79"]
[EventDate "2009.09.27"]
[EventType "team"]
[EventRounds "11"]
[EventCountry "FRA"]
[SourceDate "2009.07.26"]

1. d4 Nf6 2. c4 e6 3. Nc3 Bb4 4. Qc2 O-O 5. a3 Bxc3+ 6. Qxc3 Qe8 7. f3 d6 8.
Bg5 Nfd7 9. O-O-O b5 10. cxb5 Nb6 11. e4 Bd7 12. Nh3 Bxb5 13. Kb1 Bxf1 14.
Rhxf1 Qb5 15. Rf2 Na4 16. Qd3 Qxd3+ 17. Rxd3 Nd7 18. b3 Rab8 19. Ka2 Nab6 20.
Rc2 Rfc8 21. Rdc3 c5 22. dxc5 Rxc5 23. Rxc5 dxc5 24. Be3 Rc8 25. Nf2 Kf8 26.
Nd3 c4 27. bxc4 Nxc4 28. Bc5+ Nxc5 29. Rxc4 Rd8 30. Nxc5 Rd2+ 31. Kb3 Rxg2 32.
Rc2 Rg1 33. Nd7+ Ke8 34. Rc7 Rb1+ 35. Ka4 Rh1 36. Ne5 f6 37. Nc6 Kf8 38. Rxa7
Rxh2 39. Nd4 Rg2 40. Nxe6+ 1/2-1/2

[Event "FRA-chT2 0910"]
[Site "France"]
[Date "2010.01.24"]
[Round "7.3"]
[White "Cappon, John"]
[Black "Fossier, Francois"]
[Result "1-0"]
[WhiteElo "2221"]
[BlackElo "2260"]
[PlyCount "61"]
[EventDate "2009.09.27"]
[EventType "team"]
[EventRounds "11"]
[EventCountry "FRA"]
[SourceDate "2009.07.26"]

1. e4 d6 2. d4 Nf6 3. Nc3 c6 4. Bg5 Qb6 5. a3 e5 6. Nge2 Be7 7. f3 Nbd7 8. Be3
Qc7 9. g4 Nb6 10. Ng3 g6 11. Qd2 Be6 12. g5 Nh5 13. Nxh5 gxh5 14. f4 exf4 15.
Bxf4 O-O-O 16. O-O-O f6 17. h4 Bg4 18. Bh3 Qd7 19. Bxg4 Qxg4 20. Rdg1 Qd7 21.
Qe2 Qe8 22. d5 c5 23. gxf6 Bxf6 24. Nb5 Be5 25. Bxe5 Qxe5 26. Rg5 Qf4+ 27. Kb1
Rhe8 28. Nc3 Na4 29. Nxa4 Rxe4 30. Qb5 a6 31. Qb6 1-0

[Event "FRA-chT2 0910"]
[Site "France"]
[Date "2010.01.24"]
[Round "7.4"]
[White "Miller, Vincent"]
[Black "Le Hay, Thierry"]
[Result "1-0"]
[WhiteElo "2065"]
[BlackElo "2127"]
[PlyCount "89"]
[EventDate "2009.09.27"]
[EventType "team"]
[EventRounds "11"]
[EventCountry "FRA"]
[SourceDate "2009.07.26"]

1. g3 f5 2. Bg2 Nf6 3. d3 d6 4. Nc3 Nc6 5. e4 e5 6. Nge2 Be7 7. h3 O-O 8. Be3
Kh8 9. Qd2 Be6 10. O-O-O d5 11. exd5 Nxd5 12. f4 Bf6 13. Nxd5 Bxd5 14. Nc3 Bxg2
15. Qxg2 exf4 16. Bxf4 Bxc3 17. bxc3 Qf6 18. d4 Qf7 19. d5 Na5 20. Rhe1 Qd7 21.
Rd4 Rfe8 22. Qf1 Rxe1+ 23. Qxe1 Re8 24. Qf1 c5 25. Rd1 Qa4 26. Re1 Rg8 27. Be5
Nc4 28. Qxf5 Qa3+ 29. Kd1 Nxe5 30. Qxe5 h6 31. d6 Rd8 32. Qe7 Qa5 33. Rf1 c4
34. Rf8+ Rxf8 35. Qxf8+ Kh7 36. Qf3 Qe5 37. Qf4 Qd5+ 38. Ke2 g5 39. Qf6 Qg2+
40. Ke3 Qxg3+ 41. Kd4 Qg1+ 42. Kd5 Qg2+ 43. Ke6 Qc6 44. Ke7 Qc5 45. Qd4 1-0

[Event "FRA-chT2 0910"]
[Site "France"]
[Date "2010.01.24"]
[Round "7.5"]
[White "Viatte, Robert"]
[Black "Broutin, Philippe"]
[Result "0-1"]
[WhiteElo "2139"]
[BlackElo "2048"]
[PlyCount "68"]
[EventDate "2009.09.27"]
[EventType "team"]
[EventRounds "11"]
[EventCountry "FRA"]
[SourceDate "2009.07.26"]

1. d4 f5 2. c4 Nf6 3. Nc3 g6 4. f3 c5 5. d5 d6 6. e4 fxe4 7. fxe4 Bg7 8. Nf3
Nbd7 9. Be2 O-O 10. O-O Ng4 11. Bg5 Nde5 12. Qd2 Nf7 13. Bf4 Bd7 14. h3 Nge5
15. Rf2 Qa5 16. Rc1 a6 17. Kh2 Nxf3+ 18. gxf3 b5 19. b3 bxc4 20. Bxc4 Ne5 21.
Bxe5 Bxe5+ 22. Kg2 Bf4 23. Qc2 Bxc1 24. Qxc1 Bb5 25. Nd1 Bxc4 26. Qxc4 Qb4 27.
Ne3 a5 28. Rc2 Qxc4 29. Nxc4 a4 30. bxa4 Rxa4 31. e5 dxe5 32. Nxe5 Rd8 33. Nc6
Rd7 34. Ne5 Rxd5 0-1

[Event "FRA-chT2 0910"]
[Site "France"]
[Date "2010.01.24"]
[Round "7.6"]
[White "Sion, Philippe"]
[Black "Waquet, Frederic"]
[Result "1-0"]
[WhiteElo "1998"]
[BlackElo "1968"]
[PlyCount "45"]
[EventDate "2009.09.27"]
[EventType "team"]
[EventRounds "11"]
[EventCountry "FRA"]
[SourceDate "2009.07.26"]

1. c4 Nf6 2. Nc3 c5 3. g3 g6 4. Bg2 Bg7 5. d3 O-O 6. h3 Nc6 7. Rb1 b6 8. e4 Bb7
9. Nge2 Ne8 10. f4 Nc7 11. f5 Nd4 12. g4 e6 13. O-O exf5 14. gxf5 gxf5 15. Ng3
Bxe4 16. dxe4 Qh4 17. Nxf5 Nxf5 18. Rxf5 Bd4+ 19. Kh2 Bxc3 20. Bg5 Be5+ 21.
Rxe5 Qf2 22. Rf5 Qd4 23. Bf6 1-0

[Event "FRA-chT2 0910"]
[Site "France"]
[Date "2010.01.24"]
[Round "7.7"]
[White "Bertrand, Eric"]
[Black "Miller, Sophie"]
[Result "1-0"]
[WhiteElo "2032"]
[BlackElo "1770"]
[PlyCount "35"]
[EventDate "2009.09.27"]
[EventType "team"]
[EventRounds "11"]
[EventCountry "FRA"]
[SourceDate "2009.07.26"]

1. e4 d5 2. exd5 Qxd5 3. Nc3 Qa5 4. d4 Nf6 5. Bd2 Qb6 6. Nf3 Bg4 7. Be2 e6 8.
O-O c6 9. Ne5 Bxe2 10. Qxe2 Nbd7 11. Rfe1 Bd6 12. Nxf7 Bxh2+ 13. Kxh2 Kxf7 14.
Qxe6+ Kg6 15. Re3 h6 16. Rf3 Kh7 17. Bxh6 Kxh6 18. Qf5 1-0

[Event "FRA-chT2 0910"]
[Site "France"]
[Date "2010.01.24"]
[Round "7.8"]
[White "Bourgeois, Florian"]
[Black "Vinckier, Delphine"]
[Result "1-0"]
[WhiteElo "1789"]
[BlackElo "1812"]
[PlyCount "79"]
[EventDate "2009.09.27"]
[EventType "team"]
[EventRounds "11"]
[EventCountry "FRA"]
[SourceDate "2009.07.26"]

1. e4 e6 2. d4 d5 3. Nd2 dxe4 4. Nxe4 Bd7 5. Nf3 Bc6 6. Bd3 Nd7 7. O-O Ngf6 8.
Qe2 Bxe4 9. Bxe4 Nxe4 10. Qxe4 c6 11. Re1 Nf6 12. Qh4 Nd5 13. Qg4 Qc7 14. Bg5
h6 15. Bh4 g5 16. Bg3 Bd6 17. Ne5 O-O-O 18. c4 f5 19. Qh5 Nf6 20. Qf7 Bxe5 21.
Qxe6+ Qd7 22. Qxe5 f4 23. Bxf4 gxf4 24. Qxf6 Qxd4 25. Qxd4 Rxd4 26. b3 Rhd8 27.
h3 Rd2 28. Re4 Rf8 29. a3 f3 30. g4 Re2 31. Rxe2 fxe2 32. Re1 Rf3 33. Rxe2 Rxb3
34. Re3 Rb1+ 35. Kg2 Rc1 36. Re6 Rxc4 37. Rxh6 Rd4 38. g5 Rd7 39. g6 Rg7 40.
Rh8+ 1-0